|
|
|
|
| LEADER |
00000nas a2200000 i 4500 |
| 001 |
ssj0030914 |
| 003 |
WaSeSS |
| 005 |
20200512172242.0 |
| 006 |
m d |
| 007 |
cr n |
| 008 |
100601d19722014oncfr p s 0 a0eng c |
| 010 |
|
|
|a 2016233558
|
| 022 |
|
|
|a 1927-694X
|l 0315-1409
|y 0315-1409
|
| 035 |
|
|
|a (WaSeSS)ssj0030914
|
| 040 |
|
|
|a OCLCE
|b eng
|e pn
|c OCLCE
|d OCLCQ
|d OCLCF
|d OCLCO
|d GUA
|d OCLCO
|d UMC
|d OCLCO
|d CUS
|d VT2
|d WaSeSS
|
| 041 |
0 |
|
|a eng
|a fre
|
| 042 |
|
|
|a dlr
|a pcc
|
| 043 |
|
|
|a n-cn---
|
| 050 |
|
4 |
|a L11
|b .C367
|
| 055 |
|
4 |
|a LA132
|
| 082 |
|
4 |
|a 370'.5
|
| 245 |
0 |
0 |
|a Canadian and international education
|h [electronic resource].
|
| 246 |
1 |
1 |
|a Éducation canadienne et internationale
|
| 246 |
1 |
|
|i Available from some providers under title:
|a Comparative and international education
|
| 260 |
|
|
|a Toronto, Ontario, Canada :
|b The Ontario Institute for Studies in Education,
|c [1972]-[2014]
|
| 310 |
|
|
|a Twice a year
|
| 362 |
1 |
|
|a Began with Volume 1, number 1 (June 1972); ceased with volume 43, issue 2 (September 2014).
|
| 504 |
|
|
|a Includes bibliographical references.
|
| 506 |
|
|
|a License restrictions may limit access.
|
| 515 |
|
|
|a First page of PDF articles may carry a date different from chronological designation of issue.
|
| 538 |
|
|
|a Master and use copy. Digital master created according to Benchmark for Faithful Digital Reproductions of Monographs and Serials, Version 1. Digital Library Federation, December 2002.
|u http://purl.oclc.org/DLF/benchrepro0212
|5 MiAaHDL
|
| 546 |
|
|
|a English and French.
|
| 550 |
|
|
|a Published for the Comparative and International Education Society of Canada.
|
| 583 |
1 |
|
|a digitized
|c 2010
|h HathiTrust Digital Library
|l committed to preserve
|2 pda
|5 MiAaHDL
|
| 588 |
|
|
|a Description based on print version record.
|
| 588 |
|
|
|a Latest issue consulted: Volume 43, issue 2 (2014) (Scholarship@Western website, viewed February 29, 2016).
|
| 650 |
|
0 |
|a Education
|v Periodicals.
|
| 650 |
|
0 |
|a Education
|z Canada
|v Periodicals.
|
| 650 |
|
0 |
|a Comparative education
|v Periodicals.
|
| 650 |
|
6 |
|a Education
|v Périodiques.
|
| 650 |
|
6 |
|a Education
|z Canada
|v Périodiques.
|
| 650 |
|
6 |
|a Education comparée
|v Périodiques.
|
| 650 |
|
0 |
|a Education
|z Canada.
|
| 650 |
|
7 |
|a Comparative education.
|2 fast
|0 (OCoLC)fst00871331
|
| 650 |
|
7 |
|a Education.
|2 fast
|0 (OCoLC)fst00902499
|
| 651 |
|
7 |
|a Canada.
|2 fast
|0 (OCoLC)fst01204310
|
| 655 |
|
0 |
|a Electronic journals.
|
| 710 |
2 |
|
|a Comparative and International Education Society of Canada.
|
| 776 |
0 |
8 |
|i Print version, -2012:
|t Canadian and international education
|x 0315-1409
|w (DLC)cn 79039044
|w (OCoLC)1774885
|
| 780 |
0 |
2 |
|a Comparative and International Education Society of Canada.
|t Papers
|
| 785 |
0 |
0 |
|t Comparative and international education (Ottawa, Ont.)
|x 2369-2634
|w (DLC) 2016233557
|w (OCoLC)936206884
|
| 856 |
4 |
0 |
|z Full text available from Research Library: 09/01/2012 to 09/30/2014
|u https://search.proquest.com/publication/46900
|